| 000 | 00567nam a2200145 4500 | ||
|---|---|---|---|
| 999 |
_c512753 _d512753 |
||
| 008 | 191213b ||||| |||| 00| 0 eng d | ||
| 100 |
_aPandey, Hemant _914538 |
||
| 245 | _aRight to public services provided by the state government: A comparative study of state laws and need for a parliamentary enactment (Note) | ||
| 260 | _bIndian Journal of Public Administration | ||
| 300 | _a65(2), Jun, 2019: p.543-553. | ||
| 650 |
_aRight to public services _914539 |
||
| 773 | _aIndian Journal of Public Administration | ||
| 906 | _aPublic utilities | ||
| 942 |
_2ddc _cAR |
||